000 00293nam a22001337a 4500
008 170302b xxu||||| |||| 00| 0 eng d
020 _a9780130800176
041 _aeng
080 _23RD
_a575
100 _a6
101 _aSHM
245 _aESSENTIALS OF GENETICS
_cKLUG, W.S
942 _2udc
_cBK
999 _c6598
_d6598